Villes de la Haute-Marne en images - Statistiques

Statistiques générales
  • Ce quiz a été pris 76 fois
  • Le résultat moyen est 8 sur 18
Statistiques - réponses
Par images Hint Réponse % Correct
C Chaumont
100%
S Saint-Dizier
95%
L Langres
94%
C Colombey-les-Deux-Églises
80%
J Joinville
77%
N Nogent
60%
W Wassy
52%
B Bourbonne-les-Bains
34%
C Châteauvillain
34%
R Rolampont
31%
C Chalindrey
25%
F Fayl-Billot
20%
A Auberive
17%
V Vignory
15%
A Arc-en-Barrois
11%
O Orquevaux
9%
B Bar-sur-Seine
8%
C Cohons
8%
Aucun quiz correspondant
Distribution des résultats
% des personnes avec chaque résultat
Percentile par nombre de réponses
Votre historique - résultats
Vous n’avez pas pris ce quiz